000 00576nam a2200229Ia 4500
003 OSt
005 20230331095732.0
008 210423s2008 xx 000 0 und d
020 _a9781403926685
040 _cAL
041 _aeng
082 _a332.1 VASG
100 _aVASAVADA (Gaurang);others
_980583
245 _aGeneral bank management
260 _aDelhi
_bOxford University Press
_c2008
300 _ax,740
_bPB
365 _b385
_cINR
650 _aBanking
_980584
650 _aEconomics
_980585
906 _abank ; General ; management
942 _2ddc
_cBK
999 _c157680
_d157680